| 000 | 00467nam a2200181Ia 4500 | ||
|---|---|---|---|
| 008 | 240925s9999 xx 000 0 und d | ||
| 020 | _a9788126521517 | ||
| 082 | _a621.382 HAK | ||
| 100 | _aHaykin, Simon | ||
| 245 | 0 | _aCommunication Systems | |
| 250 | _a5th | ||
| 260 |
_aNew Delhi: _bJohn Wiley & Sons _c,2010. |
||
| 300 |
_axxvi,350p. _bN.A _fOriginal |
||
| 500 | _aIncludes Index | ||
| 600 | _aEngineering Technology | ||
| 650 | _aTechnology | ||
| 942 | _cBK | ||
| 999 |
_c10755 _d10755 |
||